Včelí úl : (Záznam č. 34230)

Podrobnosti MARC
000 -Návěští
Řídící pole kódované 24B 01462nam a22003973i 4500
001 - Kontrolní číslo
Řídící pole proměnné 1420518
003 - Identifikátor kontrolního čísla
Řídící pole proměnné CZ PrSKC
005 - Datum posledního zpracování
Řídící pole 16B 20260428123433.0
007 - Pole pevné délky pro fyzický popis
Řídící pole kódované ta
008 - Údaje pevné délky
Řídící pole kódované 40B 260407s2026 xr a e 000 0 cze d
020 ## - ISBN
ISBN 9788076883383
040 ## - Zdroj katalogizace-agentura
Agentura původní katalogizace CBA001
Jazyk katalogizace cze
Použitá pravidla popisu rda
072 #7 - Kód předmětové kategorie - Konspekt
Předmětová kategorie 59
Zpřesnění předmětové kategorie Zoologie
Zdroj předmětové klasifikace Konspekt
072 #7 - Kód předmětové kategorie - Konspekt
Předmětová kategorie 0/9-053.2
Zpřesnění předmětové kategorie Literatura pro děti a mládež (naučná)
Zdroj předmětové klasifikace Konspekt
080 ## - MDT
Klasifikační znak MDT 595.799
Idetifikátor vydání MDT MRF
080 ## - MDT
Klasifikační znak MDT (0.053.2)
Idetifikátor vydání MDT MRF
080 ## - MDT
Klasifikační znak MDT (0.025.2)
Idetifikátor vydání MDT MRF
080 ## - MDT
Klasifikační znak MDT (02)004.031.42
Idetifikátor vydání MDT MRF
100 1# - Hlavní záhlaví - osobní jméno autora
Osobní jméno Nezvedová, Kristýna
Kód role ill
9 (RLIN) 20730
245 10 - Údaje o názvu
Název Včelí úl :
Další údaje o názvu interaktivní mluvicí kniha /
Údaj o odpovědností, atd. ilustrace: Kristýna Nezvedová
250 ## - Údaje o vydání
Označení vydání 1. vydání
264 #1 - Nakladatelské údaje
Místo vydání Praha :
Nakladatel Albi,
Rok vydání 2026
300 ## - Fyzický popis
Rozsah 14 nečíslovaných stran :
další fyzické údaje barevné ilustrace ;
Rozměry 27 cm
490 1# - Údaje o edici
Údaje o edici Kouzelné čtení
500 ## - Všeobecná poznámka
Text obecné poznámky Bez textu
500 ## - Všeobecná poznámka
Text obecné poznámky Kartonové listy
500 ## - Všeobecná poznámka
Text obecné poznámky Funguje pouze s elektronickou Albi tužkou, která není součástí publikace
520 2# - Anotace
Anotace, atd. Interaktivní obrazová kniha s pevnými listy plná informací o včelách, včelím společenství, nesmírném významu včel pro přírodu a přínosech pro člověka. Plné využití pouze s elektronickou mluvící tužkou.
650 07 - Vedlejší věcné záhlaví - věcné téma
Věcné téma včely
Zdroj záhlaví nebo termínu czenas
9 (RLIN) 7583
655 #7 - Rejstříkový termín - žánr/forma
Žánr/forma či základní termín interaktivní mluvící knihy
-- 9294
655 #7 - Rejstříkový termín - žánr/forma
Žánr/forma či základní termín leporela
-- 906
655 #7 - Rejstříkový termín - žánr/forma
Žánr/forma či základní termín publikace pro děti
710 2# - Vedlejší záhlaví - jméno korporativního autora
Jméno korporace nebo jurisdikce Albi (firma)
Kód role pbl
9 (RLIN) 13389
910 ## - Údaje o vlastníkovi jednotky (exempláře)
Sigla vlastníka jednotky ABG508
Jednotky
Stav ztráty Zdroj klasifikace pro skladování Stav poškození
  Universal Decimal Classification  

Používáme knihovní systém Koha